Sister of starlit seas / Terry Brooks.
Available copies
- 3 of 3 copies available at LARL/NWRL Consortium.
- 2 of 2 copies available at Lake Agassiz Regional Library. (Show preferred library)
Current holds
0 current holds with 3 total copies.
Show Only Available Copies
| Location | Call Number / Copy Notes | Barcode | Shelving Location | Status | Due Date |
|---|---|---|---|---|---|
| Crookston Public Library | SF BRO (Text) | 33500013901723 | Main | Available | - |
| Moorhead Public Library | SF BRO (Text) | 33500013901715 | Main | Available | - |
| Roseau Public Library | BRO (Text) | 35500006732315 | Main | Available | - |
Record details
- ISBN: 9780593129777
- ISBN: 0593129776
- Physical Description: 284 pages : map ; 25 cm.
- Edition: First edition.
- Publisher: New York : Del Rey, [2023]
- Copyright: ©2023
Content descriptions
| Summary, etc.: | "Auris's adoptive sister Char has always been the ... Read More |
Search for related items by subject
| Subject: | Young women > Fiction. Self-realization in women > Fiction. Imaginary places > Fiction. Magic > Fiction. Fairies > Fiction. Goblins > Fiction. Pirates > Fiction. Dragons > Fiction. |
| Genre: | Fantasy fiction. Novels. |
Search for related items by series
| LDR | 03306cam a22006378i 4500 | ||
|---|---|---|---|
| 001 | 422913 | ||
| 003 | LARL_NWRL_CONSORTIUM | ||
| 005 | 20231201153746.0 | ||
| 008 | 230802t20232023nyu e 000 1 eng | ||
| 010 | . | ‡a 2023035728 | |
| 040 | . | ‡aDLC ‡beng ‡erda ‡cDLC ‡dOCLCO ‡dOCLCF ‡dLJW ‡dFNN ‡dCHY ‡dRNL ‡dIMT ‡dZGR ‡dJPL ‡dJO6 ‡dHBP ‡dIL2 ‡dCNCAR ‡dBAZ ‡dOCLCO ‡dVP@ | |
| 019 | . | ‡a1406756429 | |
| 020 | . | ‡a9780593129777 ‡q(hardcover ; ‡qacid-free paper) | |
| 020 | . | ‡a0593129776 ‡q(hardcover ; ‡qacid-free paper) | |
| 020 | . | ‡z9780593129784 ‡q(ebook) | |
| 035 | . | ‡a(OCoLC)1375186068 ‡z(OCoLC)1406756429 | |
| 042 | . | ‡apcc | |
| 082 | 0 | 0. | ‡a813/.54 ‡223/eng/20230817 |
| 100 | 1 | . | ‡aBrooks, Terry, ‡eauthor. ‡0(LARL_NWRL_CONSORTIUM)5221 |
| 245 | 1 | 0. | ‡aSister of starlit seas / ‡cTerry Brooks. |
| 250 | . | ‡aFirst edition. | |
| 264 | 1. | ‡aNew York : ‡bDel Rey, ‡c[2023] | |
| 264 | 4. | ‡c©2023 | |
| 300 | . | ‡a284 pages : ‡bmap ; ‡c25 cm. | |
| 336 | . | ‡atext ‡btxt ‡2rdacontent | |
| 337 | . | ‡aunmediated ‡bn ‡2rdamedia | |
| 338 | . | ‡avolume ‡bnc ‡2rdacarrier | |
| 490 | 0 | . | ‡aViridian deep ; ‡v3 |
| 520 | . | ‡a"Auris's adoptive sister Char has always been the baby of the family--a position that grates on Char, especially when everyone insists on telling her exactly what to do and how to do it. But Char is certain that her headstrong, impulsive behavior, the quality her family sees as her greatest weakness, is actually her greatest the willingness to instantly brave danger and leap to the rescue when anyone she loves is threatened. Char knows she will never grow into the woman she was meant to be under her family's loving but repressive eye, so a month before she turns fifteen, she runs away and joins a Human pirate crew in the warm southerly regions of her world. Then, three years into her pirate career, her captain--the man she is convinced she loves--is captured by the leaders of the slave trade he has been fighting. When Char leaps in to rescue him, she finds herself thrust into an adventure that will uncover secrets she never suspected about herself, one that will maybe, finally, teach her to look before she leaps" -- ‡cDust jacket. | |
| 650 | 0. | ‡aYoung women ‡vFiction. ‡0(LARL_NWRL_CONSORTIUM)168213 | |
| 650 | 0. | ‡aSelf-realization in women ‡vFiction. ‡0(LARL_NWRL_CONSORTIUM)174928 | |
| 650 | 0. | ‡aImaginary places ‡vFiction. ‡0(LARL_NWRL_CONSORTIUM)169861 | |
| 650 | 0. | ‡aMagic ‡vFiction. ‡0(LARL_NWRL_CONSORTIUM)165984 | |
| 650 | 0. | ‡aFairies ‡vFiction. ‡0(LARL_NWRL_CONSORTIUM)164910 | |
| 650 | 0. | ‡aGoblins ‡vFiction. | |
| 650 | 0. | ‡aPirates ‡vFiction. ‡0(LARL_NWRL_CONSORTIUM)166711 | |
| 650 | 0. | ‡aDragons ‡vFiction. ‡0(LARL_NWRL_CONSORTIUM)164658 | |
| 655 | 7. | ‡aFantasy fiction. ‡2lcgft | |
| 655 | 7. | ‡aNovels. ‡2lcgft | |
| 901 | . | ‡a422913 ‡bOCoLC ‡c422913 ‡tbiblio ‡soclc | |

Add to basket
Permalink
Disable Highlighting